EU foreign and interior policies : (Record no. 13471)
[ view plain ]
| 000 -LEADER | |
|---|---|
| fixed length control field | 02446cam a2200337 a 4500 |
| 001 - CONTROL NUMBER | |
| control field | 14420642 |
| 005 - DATE AND TIME OF LATEST TRANSACTION | |
| control field | 20091014093757.0 |
| 008 - FIXED-LENGTH DATA ELEMENTS--GENERAL INFORMATION | |
| fixed length control field | 060620s2007 nyu b 001 0 eng |
| 010 ## - LIBRARY OF CONGRESS CONTROL NUMBER | |
| LC control number | 2006020390 |
| 020 ## - INTERNATIONAL STANDARD BOOK NUMBER | |
| International Standard Book Number | 9780415543590 (alk. paper) |
| 040 ## - CATALOGING SOURCE | |
| Original cataloging agency | DLC |
| Transcribing agency | DLC |
| Modifying agency | DLC |
| 043 ## - GEOGRAPHIC AREA CODE | |
| Geographic area code | e------ |
| 050 00 - LIBRARY OF CONGRESS CALL NUMBER | |
| Classification number | JN30 |
| Item number | .S76 2007 |
| 082 00 - DEWEY DECIMAL CLASSIFICATION NUMBER | |
| Classification number | 341.2422 |
| Edition number | 22 |
| Item number | STE |
| 100 1# - MAIN ENTRY--PERSONAL NAME | |
| Personal name | Stetter, Stephan, |
| Dates associated with a name | 1972- |
| 9 (RLIN) | 11720 |
| 245 10 - TITLE STATEMENT | |
| Title | EU foreign and interior policies : |
| Remainder of title | cross-pillar politics and the social construction of sovereignty / |
| Statement of responsibility, etc | Stephan Stetter. |
| 260 ## - PUBLICATION, DISTRIBUTION, ETC. (IMPRINT) | |
| Place of publication, distribution, etc | New York : |
| Name of publisher, distributor, etc | Routledge, |
| Date of publication, distribution, etc | c.2007. |
| 300 ## - PHYSICAL DESCRIPTION | |
| Extent | xxi, 238 p. ; |
| Dimensions | 24 cm. |
| 490 0# - Series Statement | |
| Series statement | Routledge advances in European politics ; |
| Volume/sequential designation | 43 |
| 500 ## - GENERAL NOTE | |
| General note | Includes Index. |
| 504 ## - BIBLIOGRAPHY, ETC. NOTE | |
| Bibliography, etc | Includes bibliographical references (p. [209]-233) and index. |
| 505 0# - FORMATTED CONTENTS NOTE | |
| Formatted contents note | Theoretical framework : addressing the functional dynamics in the integration of foreign and interior policies at the EU level -- The construction of an EU insider/outsider distinction -- The institutional and substantive dynamics of cross-pillarization -- Authority delegation to supranational actors : primary capabilities -- Authority delegation in between treaty reforms : the secondary capabilities of supranational actors -- Substantive cross-pillar linkages in foreign and interior affairs : the cases of EU Middle East and migration policies -- Policy-making in cross-pillar settings : actor preferences and policy-making dynamics -- The divergent policy preferences of supranational actors in foreign and interior policies : tackling the myth of supranational unity -- Patterns of policy-making in EU foreign and interior policies : executive dominance and co-ordination problems. |
| 610 20 - SUBJECT ADDED ENTRY--CORPORATE NAME | |
| Corporate name or jurisdiction name as entry element | European Union. |
| 9 (RLIN) | 11721 |
| 650 #0 - SUBJECT ADDED ENTRY--TOPICAL TERM | |
| Topical term or geographic name as entry element | Sovereignty. |
| 9 (RLIN) | 11722 |
| 650 #0 - SUBJECT ADDED ENTRY--TOPICAL TERM | |
| Topical term or geographic name as entry element | Central-local government relations |
| Geographic subdivision | European Union countries. |
| 9 (RLIN) | 11723 |
| 856 41 - ELECTRONIC LOCATION AND ACCESS | |
| Materials specified | Table of contents only |
| Uniform Resource Identifier | <a href="http://www.loc.gov/catdir/toc/ecip0616/2006020390.html">http://www.loc.gov/catdir/toc/ecip0616/2006020390.html</a> |
| 856 42 - ELECTRONIC LOCATION AND ACCESS | |
| Materials specified | Publisher description |
| Uniform Resource Identifier | <a href="http://www.loc.gov/catdir/enhancements/fy0731/2006020390-d.html">http://www.loc.gov/catdir/enhancements/fy0731/2006020390-d.html</a> |
| 942 ## - ADDED ENTRY ELEMENTS (KOHA) | |
| Source of classification or shelving scheme | Dewey Decimal Classification |
| Item type | Book - Borrowing |
| Withdrawn status | Item status | Source of classification or shelving scheme | Damaged status | Not for loan | Vendor | Home library | Current library | Shelving location | Date acquired | Source of acquisition | Cost, normal purchase price | Serial Enumeration / chronology | Total Checkouts | Total Renewals | Full call number | Barcode | Checked out | Date last seen | Date last borrowed | Koha item type |
|---|---|---|---|---|---|---|---|---|---|---|---|---|---|---|---|---|---|---|---|---|
| Dewey Decimal Classification | MERIC | Central Library | Central Library | First floor | 23/02/2010 | 187.70 | 10029 | 4 | 23 | 341.2422 STE | 000019919 | 18/09/2022 | 28/07/2022 | 28/07/2022 | Book - Borrowing |